| 000 | 00581nam a22001577a 4500 | ||
|---|---|---|---|
| 008 | 150508b xxu||||| |||| 00| 0 eng d | ||
| 020 | _a9789810187347 | ||
| 082 | _aQ 295 F732 2008 | ||
| 100 | _aFong, Joan | ||
| 245 |
_aScience matters _bLower secondary _cExpress/Norma A |
||
| 250 | _aVolume A | ||
| 260 |
_aSingapore _bMarshall Cavendish Education _c2008 |
||
| 300 |
_a284 pages _bcolor illustrations _c27 cm. |
||
| 650 |
_2General Science _a Science and technology -- measurement -- diversity -- interactions -- |
||
| 942 |
_2lcc _cBK _hQ 295 F732 2008 |
||
| 999 |
_c283911 _d283911 |
||